| 000 | 00567nam a2200157 a 4500 | ||
|---|---|---|---|
| 040 | _cDLC | ||
| 082 | 0 | 0 | _a515 DAS 1982 A058 Or. |
| 245 | 0 | 0 |
_aBifurcation, th©♭orie ergodique et applications : _bDijon, 22-26 juin 1981 |
| 260 |
_aParis : _bSoci©♭t©♭ math©♭matique de France ; _aProvidence, R.I. : _bDistribution, American Mathematical Society, _c1982 |
||
| 300 |
_a225 p. : _bill. ; _c24 cm |
||
| 500 | _aFrench and English | ||
| 650 | 0 | _aBifurcation theory | |
| 650 | 0 | _aErgodic theory | |
| 710 | 2 | _aSoci©♭t©♭ math©♭matique de France | |
| 942 | _cEK | ||
| 999 |
_c14078 _d14078 |
||